000 00312nam a22001217a 4500
008 251008b |||||||| |||| 00| 0 eng d
040 _a05
100 _aReddy.G.Lokanadha
245 _aEducational Management Supervision and School Organization
260 _aNew Delhi
_bNeelkamal
300 _a208
942 _c01
999 _c66486
_d66486